000 00712nam a2200217Ii 4500
003 JO-AjNU
008 230605s9999||||xx |||||||||||||| ||und||
040 _aJO-AjNU
_bara
_erda
_cJO-AjNU
041 _aara
050 1 4 _aPJ7846 2005
100 3 _aتأليف سلوم،نوار نظير,
_eauthor
_914689
245 0 0 _aالبريق الأول: خواطر كتبت بين الأعوام 1999-2002
250 _aط1
264 3 1 _aدمشق:وزارة الثقافة،2005
300 _a93ص
336 _atext
_btxt
_2rdacontent
337 _aunmediated
_bn
_2rdamedia
338 _avolume
_bnc
_2rdacarrier
490 0 _aالأطفال يكتبون (1)
650 4 _aالأدب العربي - خواطر
_914690
999 _aA3976
_c7544
_d7544